Pozycja Corporate Name
Liczba rekordów, w których użyto hasła: 1
001 - Numer kontrolny
- control field: 40633
003 - Identyfikator numeru kontrolnego
- control field: NUKAT
005 - Data i czas ostatniej modyfikacji
- control field: 20260427112855.0
008 - Dane kontrolne kodowane (40 znaków)
- fixed length control field: 090604n||azznnbabn |a ana |
010 ## - Numer kontrolny Biblioteki Kongresu
- numer kontrolny LC: p 2018015213
024 7# - OTHER STANDARD IDENTIFIER
- Standard number or code: 302540023
- Source of number or code: viaf
035 ## - Numer systemowy
- numer systemowy: a23020696
040 ## - Instytucja sporządzająca rekord
- inst. przygot. dane do rek. khw: WA N
- język haseł przedmiotowych/tezaurus: DBN
- inst. wprow. rek. khw: WA N
043 ## - Kod obszaru geograficznego
- ISO code: PL
110 2# - Hasło - nazwa ciała zbiorowego
- nazwa ciała zbior. lub geogr. na pocz.: Dyrekcja Okręgowa PKP (Wrocław)
410 2# - Trop zob. - nazwa ciała zbiorowego
- nazwa ciała zbior. lub geogr. na pocz.: Dyrekcja Okręgowa Kolei Państwowych we Wrocławiu
410 2# - Trop zob. - nazwa ciała zbiorowego
- nazwa ciała zbior. lub geogr. na pocz.: Dolnośląska Dyrekcja Okręgowa Kolei Państwowych we Wrocławiu
410 2# - Trop zob. - nazwa ciała zbiorowego
- nazwa ciała zbior. lub geogr. na pocz.: DOKP we Wrocławiu
410 2# - Trop zob. - nazwa ciała zbiorowego
- nazwa ciała zbior. lub geogr. na pocz.: Polskie Koleje Państwowe.
- nazwa jednostki podrzędnej: Dyrekcja Okręgowa (Wrocław)
410 2# - Trop zob. - nazwa ciała zbiorowego
- nazwa ciała zbior. lub geogr. na pocz.: P.K.P.
- nazwa jednostki podrzędnej: Dyrekcja Okręgowa Kolei Państwowych we Wrocławiu
410 2# - Trop zob. - nazwa ciała zbiorowego
- nazwa ciała zbior. lub geogr. na pocz.: PKP.
- nazwa jednostki podrzędnej: Dyrekcja Okręgowa Kolei Państwowych we Wrocławiu
510 2# - Trop zob. też - nazwa ciała zbiorowego
- podpole kontrolne: h
- nazwa ciała zbior. lub geogr. na pocz.: Wydział Handlowo-Taryfowy (Dyrekcja Okręgowa PKP ; Wrocław)
510 2# - Trop zob. też - nazwa ciała zbiorowego
- podpole kontrolne: h
- nazwa ciała zbior. lub geogr. na pocz.: Zarząd Ruchu (Dyrekcja Okręgowa PKP ; Wrocław)
510 2# - Trop zob. też - nazwa ciała zbiorowego
- podpole kontrolne: g
- nazwa ciała zbior. lub geogr. na pocz.: Polskie Koleje Państwowe (PKP)
665 ## - Nota historyczna
- nota historyczna: Dyrekcja Okręgowa Kolei Państwowych we Wrocławiu została powołana na mocy polecenia Ministra Komunikacji z dnia 16 marca 1945 przez Pełnomocnika Ministra Komunikacji dla Ziem Zachodnich Jana Franka. Pierwotnie siedzibą DOKP były Katowice, od 21 marca 1945 Kluczbork, a od 11 maja 1945 Wrocław.
670 ## - Źródło informacji
- źródło informacji: Graniczna umowa kolejowa / P.K.P. Dyrekcja Okręgowa Kolei Państwowych we Wrocławiu. - Wrocław, 1948.